| Tag |
First Indicator |
Second Indicator |
Subfields |
| LEADER |
00000cam a2200000 i 4500 |
| 001 |
in00000775921 |
| 005 |
20151017053923.0 |
| 008 |
770810s1973 xx a bt 00010 eng d |
| 035 |
|
|
|a (OCoLC)03176489
|
| 035 |
|
|
|9 ADL6852AM
|
| 040 |
|
|
|a NRC
|c NRC
|d TXA
|d UtOrBLW
|
| 049 |
1 |
|
|a TXA2
|
| 090 |
|
|
|a GC57.2
|b .M66 no. 73-002
|
| 100 |
1 |
|
|a Cruz, Armando A. de la.
|
| 245 |
1 |
4 |
|a The role of tidal marshes in the productivity of coastal waters /
|c Armando A. de la Cruz.
|
| 264 |
|
1 |
|a [Place of publication not identified] :
|b [publisher not identified],
|c 1973.
|
| 300 |
|
|
|a pages 147-156 :
|b illustrations, tables ;
|c 28 cm.
|
| 336 |
|
|
|a text
|b txt
|2 rdacontent
|
| 337 |
|
|
|a unmediated
|b n
|2 rdamedia
|
| 338 |
|
|
|a volume
|b nc
|2 rdacarrier
|
| 490 |
1 |
|
|a Publication (Mississippi-Alabama Sea Grant Consortium) ;
|v 73-002
|
| 490 |
1 |
|
|a Mississippi-Alabama Sea Grant Program. Publication ;
|v no. MSGP- 73-002
|
| 500 |
|
|
|a Caption title.
|
| 500 |
|
|
|a Reprinted from the Assoc. Southeastern Biologists Bull., volume 20, number 4, Oct. 1973.
|
| 504 |
|
|
|a Bibliography: pages 155-156.
|
| 500 |
|
|
|a "Publication number MASGP-73-002."
|
| 650 |
|
0 |
|a Salt marshes.
|
| 650 |
|
0 |
|a Salt marsh ecology.
|
| 650 |
|
0 |
|a Primary productivity (Biology)
|
| 830 |
|
0 |
|a MASGP (Series) ;
|v no. 73-002.
|
| 830 |
|
0 |
|a MASGP (Series) ;
|v 73-002.
|
| 999 |
|
|
|a MARS
|
| 999 |
f |
f |
|s 2c23985d-c467-3bbd-a825-a0089dc1a6f4
|i 705769dd-af04-31bd-9624-ff3da74d5230
|t 0
|
| 952 |
f |
f |
|p ric
|a Texas A&M University
|b Rellis Campus
|c Joint Library Facility
|s JLF
|d Remote Storage
|t 0
|e GC57.2 .M66 no.73-002
|h Library of Congress classification
|i unmediated -- volume
|m A14811440472
|
| 998 |
f |
f |
|a GC57.2 .M66 no.73-002
|t 0
|l Remote Storage
|